<?xml version="1.0" encoding="UTF-8"?>
<record
    xmlns:xsi="http://www.w3.org/2001/XMLSchema-instance"
    xsi:schemaLocation="http://www.loc.gov/MARC21/slim http://www.loc.gov/standards/marcxml/schema/MARC21slim.xsd"
    xmlns="http://www.loc.gov/MARC21/slim">

  <leader>01175nam a2200265 a 4500</leader>
  <controlfield tag="001">BRCA_647</controlfield>
  <controlfield tag="005">20190320203108.0</controlfield>
  <controlfield tag="008">070205s2006    it-a---##b---#000-0ceng-d</controlfield>
  <datafield tag="020" ind1=" " ind2=" ">
    <subfield code="a">8889902108</subfield>
  </datafield>
  <datafield tag="040" ind1=" " ind2=" ">
    <subfield code="a">NcRMA</subfield>
    <subfield code="b">MoSR</subfield>
    <subfield code="c">MoKNA</subfield>
    <subfield code="d">DLC</subfield>
  </datafield>
  <datafield tag="050" ind1=" " ind2="4">
    <subfield code="a">ND621.B7</subfield>
    <subfield code="b">.G74 2006</subfield>
  </datafield>
  <datafield tag="245" ind1="1" ind2="0">
    <subfield code="a">Great Painters in Brescia</subfield>
    <subfield code="b">from the Renaissance to the 18th Century : from the Pinacoteca Tosio Martinengo</subfield>
    <subfield code="c">exhibition curated by Penelope Hunter-Stiebel ; catalog editors Elena Lucchesi Ragni, Renata Stradiotti.</subfield>
  </datafield>
  <datafield tag="260" ind1=" " ind2=" ">
    <subfield code="a">Conegliano</subfield>
    <subfield code="b">Linea D&#xB4;Ombra Libri</subfield>
    <subfield code="c">c2006</subfield>
  </datafield>
  <datafield tag="300" ind1=" " ind2=" ">
    <subfield code="a">167 p.</subfield>
    <subfield code="b">il. (algunas a color)</subfield>
    <subfield code="c">26 cm.</subfield>
  </datafield>
  <datafield tag="500" ind1=" " ind2=" ">
    <subfield code="a">Cat&#xE1;logo de la exposici&#xF3;n realizada en The Portland Art Museum (Portland, Oreg&#xF3;n), 29 abril - 17 septiembre, 2006</subfield>
  </datafield>
  <datafield tag="504" ind1=" " ind2=" ">
    <subfield code="a">Bibliograf&#xED;a: p. 159-167</subfield>
  </datafield>
  <datafield tag="610" ind1="2" ind2="4">
    <subfield code="a">Pinacoteca Tosio Martinengo</subfield>
    <subfield code="v">Exposiciones</subfield>
    <subfield code="9">2168</subfield>
  </datafield>
  <datafield tag="650" ind1="1" ind2="4">
    <subfield code="a">Pintura italiana</subfield>
    <subfield code="v">Exposiciones</subfield>
    <subfield code="z">Italia</subfield>
    <subfield code="9">2169</subfield>
  </datafield>
  <datafield tag="650" ind1="1" ind2="4">
    <subfield code="a">Pintura renacentista</subfield>
    <subfield code="v">Exposiciones</subfield>
    <subfield code="z">Italia</subfield>
    <subfield code="9">2170</subfield>
  </datafield>
  <datafield tag="650" ind1="1" ind2="4">
    <subfield code="a">Pintura</subfield>
    <subfield code="v">Exposiciones</subfield>
    <subfield code="z">Italia</subfield>
    <subfield code="9">2171</subfield>
  </datafield>
  <datafield tag="700" ind1="1" ind2=" ">
    <subfield code="a">Hunter-Stiebel, Penelope</subfield>
    <subfield code="d">1946-</subfield>
    <subfield code="9">2172</subfield>
  </datafield>
  <datafield tag="700" ind1="1" ind2=" ">
    <subfield code="a">Lucchesi Ragni, Elena</subfield>
    <subfield code="9">2173</subfield>
  </datafield>
  <datafield tag="700" ind1="1" ind2=" ">
    <subfield code="a">Stradiotti, Renata</subfield>
    <subfield code="9">2174</subfield>
  </datafield>
  <datafield tag="942" ind1=" " ind2=" ">
    <subfield code="2">lcc</subfield>
    <subfield code="c">B</subfield>
  </datafield>
  <datafield tag="999" ind1=" " ind2=" ">
    <subfield code="c">563</subfield>
    <subfield code="d">563</subfield>
  </datafield>
  <datafield tag="952" ind1=" " ind2=" ">
    <subfield code="0">0</subfield>
    <subfield code="1">0</subfield>
    <subfield code="4">0</subfield>
    <subfield code="7">0</subfield>
    <subfield code="a">BRCA</subfield>
    <subfield code="b">BRCA</subfield>
    <subfield code="d">2008-06-25</subfield>
    <subfield code="l">0</subfield>
    <subfield code="o">ND621.B7 .G74 2006</subfield>
    <subfield code="p">00976</subfield>
    <subfield code="r">2019-03-22 00:00:00</subfield>
    <subfield code="w">2019-03-22</subfield>
    <subfield code="y">B</subfield>
  </datafield>
</record>
